Statistiques concernant Personnages de Pocahontas par images

Cliquez ici pour prendre le quiz!

Statistiques générales

  • Ce quiz a été pris 26 fois
  • Le résultat moyen est 6 sur 12

Statistiques - réponses

Réponse% Correct
Pocahontas
100%
John Smith
95%
Grand Mère Feuillage
71%
Meeko
62%
Thomas
57%
Gouverneur Ratcliffe
48%
Flit
33%
Kocoum
29%
Percy
29%
Chef Powhata
14%
John Rolfe
14%
Madame Jenkins
0%

Distribution des résultats

Percentile par nombre de réponses

% des personnes avec chaque résultat

Votre développement - résultats

Vous n’avez pas pris ce quiz